Fr. Conceicao Rodrigues College of Engineering

Sampoorna Sutarkam (Record no. 25532)

MARC details
000 -LEADER
fixed length control field 00320nam a2200145Ia 4500
082 ## - DEWEY DECIMAL CLASSIFICATION NUMBER
Classification number 694
100 ## - MAIN ENTRY--PERSONAL NAME
Personal name Pangarkar/ S.B.
245 ## - TITLE STATEMENT
Title Sampoorna Sutarkam
260 ## - PUBLICATION, DISTRIBUTION, ETC.
Name of publisher, distributor, etc. Shri Babubhai Lakhani
Place of publication, distribution, etc. Bombay
Date of publication, distribution, etc. 1965
300 ## - PHYSICAL DESCRIPTION
Extent 216
546 ## - LANGUAGE NOTE
Language note ENGLISH
650 ## - SUBJECT ADDED ENTRY--TOPICAL TERM
Topical term or geographic name entry element Carpentery
654 ## - SUBJECT ADDED ENTRY--FACETED TOPICAL TERMS
Focus term Sampoorna Sutarkam
942 ## - ADDED ENTRY ELEMENTS (KOHA)
Koha item type BOOK
Holdings
Withdrawn status Lost status Damaged status Not for loan Collection Home library Current library Shelving location Date acquired Source of acquisition Cost, normal purchase price Inventory number Total Checkouts Full call number Barcode Date last seen Cost, replacement price Price effective from Koha item type
        AFT Fr. Agnel's C.Rodrigues College of Engineering Fr. Agnel's C.Rodrigues College of Engineering   17/03/2023 Lakhani Book depot 10.00 13942   694 AFT3723 17/03/2023 10.00 17/03/2023 BOOK